000 00670nam a2200181Ia 4500
003 GCL
008 140319s9999 xx 000 0 ara d
040 _aGCL /
_cGCL
082 0 4 _a509
_bف ت
100 1 _aاسامة امين الخولى
245 1 0 _aتاريخ العلم والتكنولوجيا(القرنان الثامن عشر والتاسع عشر) /
_cاسامة امين الخولى
700 1 _aفوربس، ر.ج
700 1 _aهوز. ا.ج. ريكستر
700 1 _aمحمد مرسى احمد
260 _a[S.N] :
_bالهيئة المصرية العامة للكتاب ،
_c1992
300 _a282
490 _aالالف كتاب الثانى
_v0
999 _c28790
_d28790